|
|
|
|
| LEADER |
02159nam a2200589 i 4500 |
| 001 |
nkc20213310518 |
| 003 |
CZ PrNK |
| 005 |
20210607110248.0 |
| 007 |
ta |
| 008 |
210302s2020 xr e f 000 0 cze |
| 015 |
|
|
|a cnb003310518
|
| 020 |
|
|
|a 978-80-244-5828-1
|q (kroužková vazba)
|
| 035 |
|
|
|a (OCoLC)1260123501
|
| 040 |
|
|
|a OLA001
|b cze
|e rda
|
| 043 |
|
|
|a e-xr---
|b e-xr-ol
|2 czenas
|
| 072 |
|
7 |
|a 378
|x Vysoké školy
|2 Konspekt
|9 22
|
| 072 |
|
7 |
|a 37.016
|x Učební osnovy. Vyučovací předměty. Učebnice
|2 Konspekt
|9 22
|
| 080 |
|
|
|a 378.093.5
|2 MRF
|
| 080 |
|
|
|a 378.14
|2 MRF
|
| 080 |
|
|
|a 377.8-027.22
|2 MRF
|
| 080 |
|
|
|a (437.325)
|2 MRF
|
| 080 |
|
|
|a (072)
|2 MRF
|
| 080 |
|
|
|a (083.2)
|2 MRF
|
| 100 |
1 |
|
|a Slezáková, Jana
|7 ola20211109955
|4 aut
|
| 245 |
1 |
0 |
|a Průvodce pedagogickou praxí /
|c Jana Slezáková
|
| 250 |
|
|
|a 1. vydání
|
| 264 |
|
1 |
|a Olomouc :
|b Univerzita Palackého v Olomouci,
|c 2020
|
| 300 |
|
|
|a 355 stran ;
|c 30 cm
|
| 336 |
|
|
|a text
|b txt
|2 rdacontent
|
| 337 |
|
|
|a bez média
|b n
|2 rdamedia
|
| 338 |
|
|
|a svazek
|b nc
|2 rdacarrier
|
| 500 |
|
|
|a Nad názvem: Univerzita Palackého v Olomouci, Přírodovědecká fakulta
|
| 504 |
|
|
|a Obsahuje bibliografii
|
| 610 |
2 |
7 |
|a Univerzita Palackého.
|b Přírodovědecká fakulta
|7 kn20010709377
|2 czenas
|
| 650 |
0 |
7 |
|a fakulty vysokých škol
|7 ph870435
|z Česko
|2 czenas
|
| 650 |
0 |
7 |
|a vysokoškolské studium
|7 ph127279
|2 czenas
|
| 650 |
0 |
7 |
|a pedagogická praxe
|7 ph124011
|2 czenas
|
| 650 |
0 |
9 |
|a university faculties
|z Czechia
|2 eczenas
|
| 650 |
0 |
9 |
|a college study
|2 eczenas
|
| 650 |
0 |
9 |
|a practice teaching
|2 eczenas
|
| 651 |
|
7 |
|a Olomouc (Česko)
|7 ge130299
|2 czenas
|
| 651 |
|
9 |
|a Olomouc (Czechia)
|2 eczenas
|
| 655 |
|
7 |
|a metodické příručky
|7 fd132826
|2 czenas
|
| 655 |
|
7 |
|a formuláře
|7 fd132275
|2 czenas
|
| 655 |
|
9 |
|a methodological manuals
|2 eczenas
|
| 655 |
|
9 |
|a forms
|2 eczenas
|
| 710 |
2 |
|
|a Univerzita Palackého.
|b Přírodovědecká fakulta
|7 kn20010709377
|4 isb
|
| 910 |
2 |
|
|a BOA001
|b 4-1463.539
|
| 990 |
|
|
|a BK
|
| 995 |
|
|
|a 01
|
| 991 |
|
|
|b 202105
|c NOV
|
| 996 |
6 |
|
|b 2610861685
|c 4-1463.539
|l MZK
|r Sklad / do 1 hodiny
|n 0
|p p.v.
|w 001847597
|u 000010
|a 1
|e BOA001
|j MZK50
|s P
|